The travels of Fa-hsien (399-414 A.D.), or Record of the Buddhistic kingdoms / (Record no. 70145)
[ view plain ]
| 000 -LEADER | |
|---|---|
| fixed length control field | 01010nam a2200277 a 4500 |
| 001 - CONTROL NUMBER | |
| control field | 70145 |
| 003 - CONTROL NUMBER IDENTIFIER | |
| rucl marc code | BD-RjUL |
| 005 - DATE AND TIME OF LATEST TRANSACTION | |
| control field | 20211209081953.0 |
| 008 - FIXED-LENGTH DATA ELEMENTS--GENERAL INFORMATION | |
| fixed length control field | 170416m19591923enka b 001 0 eng d |
| 035 ## - SYSTEM CONTROL NUMBER | |
| System control number | (BD-RjUL)70357 |
| 040 ## - CATALOGING SOURCE | |
| Original cataloging agency | DLC |
| Transcribing agency | DLC |
| Language of cataloging | eng |
| Modifying agency | BD-RjUL |
| 041 1# - LANGUAGE CODE | |
| Language code of text/sound track or separate title | eng |
| Language code of original | chi |
| 082 ## - DEWEY DECIMAL CLASSIFICATION NUMBER | |
| Edition number | 23 |
| Classification number | 915 |
| Author mark and year | TRA 1959 |
| 245 14 - TITLE STATEMENT | |
| Title | The travels of Fa-hsien (399-414 A.D.), or Record of the Buddhistic kingdoms / |
| Statement of responsibility, etc. | Re-translated by H.A. Giles. |
| 260 ## - PUBLICATION, DISTRIBUTION, ETC. (IMPRINT) | |
| Place of publication, distribution, etc. | London : |
| Name of publisher, distributor, etc. | Routledge & Kegan Paul, |
| Date of publication, distribution, etc. | 1923 [Impression 1959] |
| 300 ## - PHYSICAL DESCRIPTION | |
| Pagination | xx, 96 p. : |
| Illustrations | ill. ; |
| Size | 17 cm. |
| 500 ## - GENERAL NOTE | |
| General note | Translation of: Fo kuo chi (romanized form). |
| 504 ## - BIBLIOGRAPHY, ETC. NOTE | |
| Bibliography, etc | Includes bibliographical references and indexes. |
| 650 #0 - SUBJECT ADDED ENTRY--TOPICAL TERM | |
| Topical term or geographic name as entry element | Travels. |
| 9 (RLIN) | 207114 |
| Topical term or geographic name as entry element | Buddhist pilgrims and pilgrimages |
| Geographic subdivision | India |
| Form subdivision | Early works to 1800. |
| 9 (RLIN) | 207746 |
| 651 #0 - SUBJECT ADDED ENTRY--GEOGRAPHIC NAME | |
| Geographic name | Asia |
| General subdivision | Description and travel |
| Form subdivision | Early works to 1800. |
| 9 (RLIN) | 207747 |
| 700 1# - ADDED ENTRY--PERSONAL NAME | |
| Personal name | Giles, Herbert Allen, |
| Dates associated with a name | 1845-1935. |
| 942 ## - ADDED ENTRY ELEMENTS (KOHA) | |
| Source of classification or shelving scheme | Dewey Decimal Classification |
| Koha item type | Books |
| Lost status | Source of classification or shelving scheme | Damaged status | Not for loan | Collection code | Permanent Location | Current Location | Shelving location | Date acquired | Source of acquisition | Cost, normal purchase price | Total Checkouts | Full call number | Date last seen | Copy number | Koha item type |
|---|---|---|---|---|---|---|---|---|---|---|---|---|---|---|---|
| Dewey Decimal Classification | Not For Loan | Non-fiction | Central Library, University of Rajshahi | Central Library, University of Rajshahi | Reading Room | 11/06/1964 | Zeitlinger | 12.60 | 915 TRA 1959 | 16/04/2017 | C-1 | Books |